Tác động của hội nhập đến chuyển dịch cơ cấu kinh tế nông hộ tại thành phố Cần Thơ : Nghiên cứu trong khuôn khổ chương trình NPT (Hà Lan)
Nội dung đề tàiphân tích tình hình chuyển dịch cơ cấu kinh tế nông họ, bao gồm việc chuyển đổi co cấu đất canh tác, cơ cấu cây trồng, vật nuôi, cơ cấu lao động trong thời gian từ năm 2000 đến 2007 trên địa bàn Thành phố Cần Thơ....
में बचाया:
| मुख्य लेखक: | |
|---|---|
| स्वरूप: | पुस्तक |
| भाषा: | Undetermined |
| प्रकाशित: |
Cần Thơ
Trường Đại học Cần Thơ
2008
|
| विषय: | |
| टैग : |
टैग जोड़ें
कोई टैग नहीं, इस रिकॉर्ड को टैग करने वाले पहले व्यक्ति बनें!
|
| Thư viện lưu trữ: | Trung tâm Học liệu Trường Đại học Cần Thơ |
|---|
| LEADER | 01210nam a2200217Ia 4500 | ||
|---|---|---|---|
| 001 | CTU_204901 | ||
| 008 | 210402s9999 xx 000 0 und d | ||
| 082 | |a 338.16 | ||
| 082 | |b Kh527 | ||
| 100 | |a Phan, Thị Ngọc Khuyên | ||
| 245 | 0 | |a Tác động của hội nhập đến chuyển dịch cơ cấu kinh tế nông hộ tại thành phố Cần Thơ : | |
| 245 | 0 | |b Nghiên cứu trong khuôn khổ chương trình NPT (Hà Lan) | |
| 245 | 0 | |c Phan Thị Ngọc Khuyên (Chủ nhiệm đề tài) | |
| 260 | |a Cần Thơ | ||
| 260 | |b Trường Đại học Cần Thơ | ||
| 260 | |c 2008 | ||
| 520 | |a Nội dung đề tàiphân tích tình hình chuyển dịch cơ cấu kinh tế nông họ, bao gồm việc chuyển đổi co cấu đất canh tác, cơ cấu cây trồng, vật nuôi, cơ cấu lao động trong thời gian từ năm 2000 đến 2007 trên địa bàn Thành phố Cần Thơ. | ||
| 650 | |a Agriculture,Nông nghiệp | ||
| 650 | |x Economic aspects,Khía cạnh kinh tế | ||
| 904 | |i Tuyến | ||
| 980 | |a Trung tâm Học liệu Trường Đại học Cần Thơ | ||